000
00288nam a2200085Ia 4500
245
0
_a
Acute care : clinical assessment and treatment of acutely ill patients
100
_a
Bhengu, Busi Cape Town, South Africa, 2008
_9
82817
942
_c
BK
008
210817s9999 xx 000 0 und d
999
_c
300404
_d
300403